Matthias Grünewald

Saved in:
Bibliographic Details
Main Author: Ziermann, Horst (Author)
Other Authors: Grünewald, Matthias (Illustrator)
Document Type: Book
Language:German
Published: München ; London ; New York : Prestel , 2001
Subjects:
Online Access:Inhaltsverzeichnis
Rezension
Inhaltsverzeichnis
Rezension
Related Items:Rezensiert in: [Rezension von: Horst Ziermann, Matthias Grünewald]
Author Notes:von Horst Ziermann. Unter Mitarb. von Erika Beissel
LEADER 03711cam a2200805 c 4500
001 325413584
003 DE-627
005 20260414145752.0
007 tu
008 010221s2001 gw ||||| 00| ||ger c
015 |a 01,N10,0604  |2 dnb 
015 |a 01,A22,1158  |2 dnb 
016 7 |a 960746684  |2 DE-101 
020 |a 3791324322  |q Gb. : DM 128.00, EUR 65.44, sfr 112.00, S 934.00  |9 3-7913-2432-2 
024 3 |a 9783791324326 
035 |a (DE-627)325413584 
035 |a (DE-603)096053119 
035 |a (DE-576)091194431 
035 |a (DE-599)GBV325413584 
035 |a (OCoLC)231871578 
035 |a (OCoLC)52751943 
035 |a (OCoLC)231871578 
035 |a (AT-OBV)AC03158731 
035 |a (DE-478)952184642 
040 |a DE-627  |b ger  |c DE-627  |e rakwb 
041 |a ger 
044 |c XA-DE  |c XA-GB  |c XD-US 
082 0 |a 759.3 
082 0 4 |a 13.4p/XA-DE  |q dnb 
084 |a Rln  |2 asb 
084 |a KU 772 GRÜ  |2 sfb 
084 |a K 911 Grünewald, M.  |2 kab 
084 |a 46  |2 sdnb 
084 |a 9,10  |2 ssgn 
084 |a LI 36705  |2 rvk  |0 (DE-625)rvk/96165:13283 
084 |a 20.31  |2 bkl 
084 |a 21.02  |2 bkl 
100 1 |a Ziermann, Horst  |4 aut 
245 1 0 |a Matthias Grünewald  |c von Horst Ziermann. Unter Mitarb. von Erika Beissel 
263 |a Gb. : DM 128.00, EUR 65.44, sfr 112.00, S 934.00 
264 1 |a München  |a London  |a New York  |b Prestel  |c 2001 
300 |a 208 S  |b zahlr. Ill  |c 31 cm 
336 |a Text  |b txt  |2 rdacontent 
337 |a ohne Hilfsmittel zu benutzen  |b n  |2 rdamedia 
338 |a Band  |b nc  |2 rdacarrier 
500 |a Literaturverz. S. 205 - 206 
583 1 |a Archivierung/Langzeitarchivierung gewährleistet  |f SSG  |x XA-DE-BW  |2 pdager  |5 DE-16 
600 1 7 |0 (DE-588)118542907  |0 (DE-627)079341675  |0 (DE-576)161220290  |a Grünewald, Matthias  |d 1480-1528  |2 gnd 
650 4 |a Grünewald, Matthias 
650 4 |a Altar, Tafel 
655 7 |a Biografie  |0 (DE-588)4006804-3  |0 (DE-627)104213493  |0 (DE-576)208867147  |2 gnd-content 
689 0 0 |d p  |0 (DE-588)118542907  |0 (DE-627)079341675  |0 (DE-576)161220290  |a Grünewald, Matthias  |d 1480-1528  |2 gnd 
689 0 |5 DE-101 
700 1 |a Beissel, Erika  |4 oth 
700 1 |a Grünewald, Matthias  |d 1480-1528  |e Ill.  |0 (DE-588)118542907  |0 (DE-627)079341675  |0 (DE-576)161220290  |4 ill 
787 0 8 |i Rezensiert in  |a Niehr, Klaus, 1955 -   |t [Rezension von: Horst Ziermann, Matthias Grünewald]  |d 2001  |w (DE-627)1921435968 
856 4 2 |u http://bvbr.bib-bvb.de:8991/F?func=service&doc_library=BVB01&doc_number=009294012&line_number=0001&func_code=DB_RECORDS&service_type=MEDIA  |m V:DE-604  |q application/pdf  |v 20090731000000  |3 Inhaltsverzeichnis  |7 1 
856 4 2 |u https://swbplus.bsz-bw.de/bsz091194431rez.htm  |m V:DE-576  |v 2005-09-23  |3 Rezension  |7 1 
856 4 2 |u http://scans.hebis.de/HEBCGI/show.pl?09605311_toc.pdf  |m V:DE-603;B:DE-17  |q application/pdf  |3 Inhaltsverzeichnis  |7 1 
856 4 2 |u http://scans.hebis.de/HEBCGI/show.pl?09605311_rez.pdf  |m V:DE-576  |q application/pdf  |3 Rezension  |7 1 
889 |w (DE-576)270436464 
935 |i Blocktest 
936 r v |a LI 36705  |b Biografien, Werkdarstellungen, Gedenkreden und andere Gesamtwürdigungen (Sammelwerke, Festschriften etc.)  |k Kunstgeschichte  |k Künstler-Monografien  |k Alphabetische Künstlerliste  |k Künstler G  |k Grünewald, Matthias (bis LI 36710)  |k Biografien, Werkdarstellungen, Gedenkreden und andere Gesamtwürdigungen (Sammelwerke, Festschriften etc.)  |0 (DE-627)1270919229  |0 (DE-625)rvk/96165:13283  |0 (DE-576)200919229 
936 b k |a 20.31  |j Bildende Künstler  |0 (DE-627)181571080 
936 b k |a 21.02  |j Geschichte der Malerei  |0 (DE-627)106406698 
936 s n |a l300  |2 mzub 
951 |a BO 
990 |a Grünewald, Matthias 
991 |a Rezensiertes Werk 
999 |a KXP-PPN325413584  |e 4935101164